Golden Bangladesh at 50 : contemporary poems & stories /

Dettagli Bibliografici
Altri autori: Omar, Shazia
Natura: Libro
Lingua:English
Pubblicazione: Dhaka : University press, 2021.
Soggetti:
Classic Catalogue: View this record in Classic Catalogue
LEADER 01208nam a22002537a 4500
001 44616
003 BD-DhAAL
005 20250814180622.0
008 250813t2021 bg ||||| |||| 00| j eng d
020 |a 9789845062985 
040 |a BD-DhAAL  |c BD-DhAAL 
082 |a 823.010895492  |2 23 
245 |a Golden Bangladesh at 50 :  |b contemporary poems & stories /  |c edited by Shazia Omar. 
260 |a Dhaka :  |b University press,  |c 2021. 
300 |a 162 pages ;  |c 23 cm 
541 |a Donated by Farhana Zahir, Assistant Professor, BRAC Business School, BRAC University  |e 44616 
650 |a Nouvelles Bangladeshis (anglaises).  |9 59083 
650 |a Short stories, Bengali (English)  |z Bangladesh.  |9 59084 
650 |a Bengali poetry (English).  |9 59085 
700 |a Omar, Shazia.  |9 59053 
852 |a Ayesha Abed Library  |c General Stacks 
942 |2 ddc  |c BK 
999 |c 47377  |d 47377 
952 |0 0  |1 0  |2 ddc  |4 0  |6 823_010895492000000_GOL  |7 0  |9 78013  |a BRACUL  |b BRACUL  |c GEN  |d 2025-08-13  |e Donated by Farhana Zahir, Assistant Professor, BRAC Business School, BRAC University  |g 1000.00  |l 0  |o 823.010895492 GOL  |p 3010044616  |r 2025-08-13  |t 1  |v 2000.00  |w 2025-08-13  |y BK  |x Donated by Farhana Zahir, Assistant Professor, BRAC Business School, BRAC University